01648nab a22002177a 4500999001500000003000400015005001700019008004100036040000700077100003100084245020600115300001200321500003800333505077100371505007201142650002801214650003501242700003201277773010801309942001301417 c6253d6253OSt20260128020637.0190514b xxu||||| |||| 00| 0 spa d cPJ 96964aBeas, Verónica M. 13aLa representación adecuada en torno al proceso penal juvenil, principio de no regresión y desafíos a diez años del nuevo Código Civil y Comercial /cVerónica M. Beas, Hernán Franco Papa.  ap. 4-11 aCita: TR LALEY AR/DOC/2506/2025.  aSumario: I. Introducción.— II. Breve contextualización: vigencia de la ley 22.278 desde 1980 y paradigma tutelarista.— III. Reconocimiento internacional de los adolescentes como sujetos de derecho.— IV. La paradoja: normas superadoras en el campo civil y de infancia vs. subsistencia del régimen penal juvenil anacrónico.— V. El art. 103 del Cód. Civ. y Com. y su aplicación en el proceso penal juvenil.— VI. La jurisprudencia y la doctrina ante el desfase normativo.— VII. El principio de no regresión en materia penal juvenil.— VIII. Representación complementaria y garantía estructural.— IX. Necesaria articulación de roles.— X. Desconocimiento y subutilización del art. 103 en el fuero penal juvenil.— XI. Conclusiones.  tSi te interesa el texto, comunicate a koha@justierradelfuego.gov.ar 09967aDERECHO DE FAMILIA 091497aCODIGO CIVIL Y COMERCIAL 95647aPapa, Hernán Franco0 0284493222dBuenos Aires : AbeledoPerrot, 1989-tDerecho de familia. N° 122 - Noviembre 2025z18511201 2udccANA